[Event "Reykjavik op"]
[Site "Reykjavik"]
[Date "2017.04.25"]
[Round "8"]
[White "Hill, Alistair"]
[Black "Sigurjonsson, Siguringi"]
[Result "1/2-1/2"]
[WhiteElo "2209"]
[BlackElo "1997"]
[PlyCount "66"]
[EventDate "2017.04.19"]
[EventType "swiss"]
[EventRounds "10"]
[EventCountry "ISL"]
[SourceTitle "CBM 178 Extra"]
[Source "ChessBase"]
[SourceDate "2017.06.22"]
[SourceVersion "1"]
[SourceVersionDate "2017.06.22"]
[SourceQuality "1"]

1. d4 d6 2. Nf3 g6 3. e4 Bg7 4. Bd3 Nd7 5. 0-0 e5 6. c3 Ngf6 7. Re1 0-0 8. a4 a5 9. Na3 c6 10. Bc2 Qc7 11. dxe5 Nxe5 12. Nxe5 dxe5 13. Nc4 Rd8 14. Qe2 Be6 15. Be3 Nd7 16. b4 b6 17. Reb1 axb4 18. cxb4 Bf8 19. a5 b5 20. Nb6 Rab8 21. Nxd7 Rxd7 22. Bb3 Bxb3 23. Rxb3 Qd6 24. Rc1 Qe6 25. Rbb1 Rbd8 26. h3 Rd3 27. Qc2 f5 28. exf5 gxf5 29. Bb6 R8d7 30. Rd1 e4 31. a6 Qd5 32. Rdc1 Rg7 33. Be3 f4 1/2-1/2

[Event "ISL-chT 1617"]
[Site "Reykjavik"]
[Date "2016.10.02"]
[Round "5.5"]
[White "Gunnarsson, Jon Viktor"]
[Black "Sigurjonsson, Siguringi"]
[Result "0-1"]
[WhiteElo "2457"]
[BlackElo "2000"]
[PlyCount "92"]
[EventDate "2016.09.29"]
[EventType "team-tourn"]
[EventRounds "9"]
[EventCountry "ISL"]
[SourceTitle "EXT 2018"]
[Source "ChessBase"]
[SourceDate "2017.10.13"]
[SourceVersion "1"]
[SourceVersionDate "2017.10.13"]
[SourceQuality "1"]
[WhiteTeam "Reykjavik"]
[BlackTeam "Reykjanesbaejar"]
[WhiteTeamCountry "ISL"]
[BlackTeamCountry "ISL"]

1. e4 d6 2. d4 Nf6 3. Nc3 e5 4. Nf3 Nbd7 5. Bc4 Be7 6. 0-0 0-0 7. a4 c6 8. h3 h6 9. Re1 Re8 10. Ba2 Qc7 11. Be3 Nf8 12. Nh4 Nxe4 13. Nxe4 Bxh4 14. Qh5 d5 15. Qxh4 dxe4 16. Qxe4 Be6 17. c4 exd4 18. Qxd4 Rad8 19. Qc3 Bf5 20. b4 Ne6 21. Rad1 Rxd1 22. Rxd1 Nf4 23. Qd2 Ng6 24. a5 a6 25. Qd4 Qc8 26. Rd2 Bxh3 27. gxh3 Qxh3 28. Qd7 Re6 29. Qc8+ Nf8 30. Qxe6 Nxe6 31. b5 Qg4+ 32. Kf1 axb5 33. cxb5 cxb5 34. Bd5 Qb4 35. Ra2 Qb1+ 36. Ke2 Nc7 37. Rd2 Nxd5 38. Rxd5 Qa2+ 39. Rd2 Qxa5 40. Bd4 b4 41. f4 b3 42. Kd3 Qf5+ 43. Ke3 h5 44. Bb2 h4 45. Rh2 h3 46. Bd4 Qg4 0-1

[Event "ISL-chT 1617"]
[Site "Reykjavik"]
[Date "2016.09.30"]
[Round "2.3"]
[White "Sigurjonsson, Siguringi"]
[Black "Sigurjonsson, Stefan Thor"]
[Result "1-0"]
[WhiteElo "2000"]
[BlackElo "2102"]
[PlyCount "61"]
[EventDate "2016.09.29"]
[EventType "team-tourn"]
[EventRounds "9"]
[EventCountry "ISL"]
[SourceTitle "EXT 2018"]
[Source "ChessBase"]
[SourceDate "2017.10.13"]
[SourceVersion "1"]
[SourceVersionDate "2017.10.13"]
[SourceQuality "1"]
[WhiteTeam "Reykjanesbaejar"]
[BlackTeam "Vikingaklubburinn"]
[WhiteTeamCountry "ISL"]
[BlackTeamCountry "ISL"]

1. c4 e5 2. g3 Nf6 3. Bg2 d5 4. cxd5 Nxd5 5. Nc3 Nxc3 6. bxc3 Bc5 7. Qa4+ Qd7 8. Qc4 Qd6 9. Nf3 Nc6 10. Ng5 0-0 11. Ne4 Bxf2+ 12. Nxf2 Be6 13. Qa4 Rfd8 14. Ne4 Qe7 15. 0-0 f5 16. Ba3 Qe8 17. Nc5 Rxd2 18. Nxb7 e4 19. Bxe4 fxe4 20. Rf8+ Qxf8 21. Bxf8 Rxf8 22. Qxc6 Bd5 23. Qxc7 e3 24. Re1 h6 25. Qe7 Rc2 26. Nd6 Rxc3 27. Qe5 Rc5 28. Qxe3 Ra5 29. a3 Rf6 30. Qc3 Ra4 31. e4 1-0

[Event "ISL-chT 1415"]
[Site "Reykjavik"]
[Date "2014.10.05"]
[Round "5.5"]
[White "Sigurjonsson, Siguringi"]
[Black "Halldorsson, Bragi"]
[Result "1/2-1/2"]
[WhiteElo "1942"]
[BlackElo "2133"]
[PlyCount "133"]
[EventDate "2014.10.02"]
[EventType "team-tourn"]
[EventRounds "9"]
[EventCountry "ISL"]
[SourceTitle "EXT 2015"]
[Source "ChessBase"]
[SourceDate "2014.11.20"]
[SourceVersion "1"]
[SourceVersionDate "2014.11.20"]
[SourceQuality "1"]
[WhiteTeam "Reykjanesbaejar"]
[BlackTeam "Huginn II"]
[WhiteTeamCountry "ISL"]
[BlackTeamCountry "ISL"]

1. Nf3 d5 2. c4 c6 3. e3 Nf6 4. Nc3 e6 5. b3 Bd6 6. Bb2 0-0 7. Qc2 Nbd7 8. Be2 b6 9. Rg1 Bb7 10. g4 Qe7 11. a3 Rfd8 12. g5 Ne8 13. h4 Rac8 14. h5 Nf8 15. g6 fxg6 16. hxg6 h6 17. d4 Nf6 18. Ne5 Bxe5 19. dxe5 N6d7 20. 0-0-0 dxc4 21. bxc4 Nxe5 22. Rxd8 Rxd8 23. f4 Ned7 24. Ne4 c5 25. Ng3 Qh4 26. Qc3 Nf6 27. Nh5 Nxh5 28. Bxh5 Rd7 29. Rd1 Rxd1+ 30. Bxd1 Qe7 31. Qd3 Bc6 32. Be5 Be8 33. Bd6 Qd7 34. f5 exf5 35. Qd5+ Qe6 36. Bf3 Bd7 37. Kd2 Nxg6 38. Qa8+ Qe8 39. Bd5+ Kh7 40. Qxa7 b5 41. Qxc5 bxc4 42. Qxc4 Bb5 43. Qd4 Qd7 44. Bg3 Bc6 45. Bxc6 Qxc6 46. Bf2 Qf3 47. Ke1 f4 48. a4 fxe3 49. Bxe3 Qf5 50. Bd2 Ne5 51. Qa7 Qf3 52. Bc1 Qc3+ 53. Kd1 Qd3+ 54. Ke1 Qc2 55. Be3 Qe4 56. a5 h5 57. Kf2 Ng4+ 58. Ke2 Qc4+ 59. Kf3 Ne5+ 60. Kg2 Qg4+ 61. Kf1 Qd1+ 62. Kg2 Qf3+ 63. Kg1 h4 64. Qd4 h3 65. Qh4+ Kg6 66. Qg5+ Kf7 67. Qf4+ 1/2-1/2

[Event "ISL-chT 1415"]
[Site "Reykjavik"]
[Date "2014.10.04"]
[Round "3.5"]
[White "Sigurjonsson, Siguringi"]
[Black "Bergsson, Stefan"]
[Result "1-0"]
[WhiteElo "1942"]
[BlackElo "2101"]
[PlyCount "61"]
[EventDate "2014.10.02"]
[EventType "team-tourn"]
[EventRounds "9"]
[EventCountry "ISL"]
[SourceTitle "EXT 2015"]
[Source "ChessBase"]
[SourceDate "2014.11.20"]
[SourceVersion "1"]
[SourceVersionDate "2014.11.20"]
[SourceQuality "1"]
[WhiteTeam "Reykjanesbaejar"]
[BlackTeam "Akureyri"]
[WhiteTeamCountry "ISL"]
[BlackTeamCountry "ISL"]

1. Nf3 c5 2. c4 Nc6 3. Nc3 g6 4. g3 Bg7 5. Bg2 e5 6. 0-0 Nge7 7. d3 0-0 8. e4 d6 9. Nh4 Be6 10. f4 Qd7 11. Nd5 Bg4 12. Nxe7+ Nxe7 13. Qc2 Be6 14. Nf3 h6 15. Be3 Rfc8 16. Rad1 Rab8 17. b3 b5 18. Qf2 f6 19. Nh4 Bf7 20. fxe5 dxe5 21. Bxc5 a5 22. d4 exd4 23. Bxd4 Qe6 24. cxb5 Rxb5 25. Bxf6 Bf8 26. Bd4 g5 27. Bh3 Rc2 28. Qxc2 Qxh3 29. Rxf7 Qd7 30. Qc4 Nd5 31. Rxd7 1-0

[Event "ISL-chT 1415"]
[Site "Reykjavik"]
[Date "2014.10.03"]
[Round "2.2"]
[White "Bjornsson, Tomas"]
[Black "Sigurjonsson, Siguringi"]
[Result "1/2-1/2"]
[WhiteElo "2161"]
[BlackElo "1942"]
[PlyCount "41"]
[EventDate "2014.10.02"]
[EventType "team-tourn"]
[EventRounds "9"]
[EventCountry "ISL"]
[SourceTitle "EXT 2015"]
[Source "ChessBase"]
[SourceDate "2014.11.20"]
[SourceVersion "1"]
[SourceVersionDate "2014.11.20"]
[SourceQuality "1"]
[WhiteTeam "Fjolnis"]
[BlackTeam "Reykjanesbaejar"]
[WhiteTeamCountry "ISL"]
[BlackTeamCountry "ISL"]

1. e4 d6 2. d4 Nf6 3. Nc3 e5 4. Nf3 Nbd7 5. Bc4 Be7 6. 0-0 0-0 7. Re1 c6 8. dxe5 Nxe5 9. Nxe5 dxe5 10. Qf3 b5 11. Bd3 Be6 12. Ne2 Rc8 13. h3 h6 14. Ng3 Nh7 15. Be3 Ng5 16. Qe2 Qc7 17. a4 a6 18. c3 c5 19. axb5 c4 20. Bc2 axb5 21. Kh2 1/2-1/2

[Event "ISL-chT 1415"]
[Site "Reykjavik"]
[Date "2014.10.02"]
[Round "1.4"]
[White "Sigurjonsson, Siguringi"]
[Black "Gislason, Magnus"]
[Result "1/2-1/2"]
[WhiteElo "1942"]
[BlackElo "2042"]
[PlyCount "32"]
[EventDate "2014.10.02"]
[EventType "team-tourn"]
[EventRounds "9"]
[EventCountry "ISL"]
[SourceTitle "EXT 2015"]
[Source "ChessBase"]
[SourceDate "2014.11.20"]
[SourceVersion "1"]
[SourceVersionDate "2014.11.20"]
[SourceQuality "1"]
[WhiteTeam "Reykjanesbaejar"]
[BlackTeam "Island"]
[WhiteTeamCountry "ISL"]
[BlackTeamCountry "ISL"]

1. Nf3 Nf6 2. c4 g6 3. Nc3 Bg7 4. d4 d5 5. e3 0-0 6. cxd5 Nxd5 7. Bc4 Nb6 8. Bb3 Nc6 9. 0-0 e5 10. d5 Na5 11. Bc2 c6 12. e4 cxd5 13. exd5 Nac4 14. Rb1 Nd6 15. Re1 Re8 16. a4 Bd7 1/2-1/2

[Event "Reykjavik op"]
[Site "Reykjavik"]
[Date "2014.03.10"]
[Round "8"]
[White "Sigurjonsson, Siguringi"]
[Black "Kenney, Jason"]
[Result "0-1"]
[WhiteElo "1948"]
[BlackElo "2124"]
[PlyCount "60"]
[EventDate "2014.03.04"]
[EventType "swiss"]
[EventRounds "10"]
[EventCountry "ISL"]
[SourceTitle "CBM 159 Extra"]
[Source "ChessBase"]
[SourceDate "2014.04.24"]
[SourceVersion "1"]
[SourceVersionDate "2014.04.24"]
[SourceQuality "1"]

1. d4 Nf6 2. Bf4 g6 3. e3 Bg7 4. Nf3 0-0 5. h3 c5 6. c3 d6 7. Be2 b6 8. Nbd2 Bb7 9. 0-0 Nbd7 10. a4 a6 11. Qb3 e5 12. dxe5 dxe5 13. Bh2 e4 14. Ng5 h6 15. Nxf7 Rxf7 16. Bc4 Qe7 17. f3 exf3 18. Nxf3 Raf8 19. Rad1 Ne4 20. Nh4 Ng5 21. Nxg6 Qe4 22. Nf4 Nxh3+ 23. gxh3 Qh1+ 24. Kf2 Qxh2+ 25. Ke1 Ne5 26. Bxf7+ Rxf7 27. Rd2 Qg3+ 28. Kd1 Qxe3 29. Qe6 Bf3+ 30. Kc1 Qxf4 0-1

[Event "Reykjavik op"]
[Site "Reykjavik"]
[Date "2012.03.11"]
[Round "7"]
[White "Sigurjonsson, Siguringi"]
[Black "Ornolfsson, Magnus P"]
[Result "0-1"]
[WhiteElo "1944"]
[BlackElo "2175"]
[PlyCount "80"]
[EventDate "2012.03.06"]
[EventType "swiss"]
[EventRounds "9"]
[EventCountry "ISL"]
[SourceTitle "CBM 147 Extra"]
[Source "ChessBase"]
[SourceDate "2012.04.24"]
[SourceVersion "1"]
[SourceVersionDate "2012.04.24"]
[SourceQuality "1"]

1. g3 Nf6 2. Bg2 d5 3. Nf3 e6 4. d3 c6 5. 0-0 Bd6 6. Nc3 0-0 7. e4 dxe4 8. dxe4 e5 9. h3 b6 10. Nh4 Qc7 11. Bg5 Be7 12. Nf5 Bxf5 13. exf5 Nbd7 14. Qf3 Rac8 15. Rad1 Rfe8 16. h4 h6 17. Be3 Bc5 18. Rfe1 Bxe3 19. Rxe3 b5 20. a3 a5 21. g4 h5 22. gxh5 Nb6 23. Ne4 Nbd5 24. Nxf6+ gxf6 25. Re4 Nf4 26. c4 Kh7 27. Kh2 Rg8 28. Bf1 Rcd8 29. cxb5 Rxd1 30. Qxd1 cxb5 31. Qb3 Qc5 32. Re3 Nd5 33. Rf3 e4 34. Rg3 Qxf2+ 35. Bg2 Qf4 36. Kh3 Qxf5+ 37. Kh2 Qe5 38. Bxe4+ Qxe4 39. Rxg8 Kxg8 40. Qg3+ Kh7 0-1

[Event "Reykjavik op"]
[Site "Reykjavik"]
[Date "2012.03.07"]
[Round "2"]
[White "Petersson, Baldur Teodor"]
[Black "Sigurjonsson, Siguringi"]
[Result "0-1"]
[WhiteElo "1524"]
[BlackElo "1944"]
[PlyCount "78"]
[EventDate "2012.03.06"]
[EventType "swiss"]
[EventRounds "9"]
[EventCountry "ISL"]
[SourceTitle "CBM 147 Extra"]
[Source "ChessBase"]
[SourceDate "2012.04.24"]
[SourceVersion "1"]
[SourceVersionDate "2012.04.24"]
[SourceQuality "1"]

1. e4 d6 2. Nf3 Nf6 3. Nc3 c6 4. d4 Bg4 5. Be2 Nbd7 6. Be3 e5 7. Qd2 Be7 8. h3 Bh5 9. Nh4 Bxe2 10. Qxe2 g6 11. Nf3 Qa5 12. Bd2 Qb6 13. Na4 Qc7 14. Nc3 Nh5 15. 0-0 0-0 16. Bh6 Rfe8 17. Qd2 Bf6 18. Kh1 exd4 19. Ne2 c5 20. g4 Ng7 21. Ng3 Ne6 22. h4 Ne5 23. Nxe5 dxe5 24. h5 Nf4 25. Ne2 Nxe2 26. Qxe2 g5 27. Qd2 Qe7 28. Rg1 Rac8 29. Rg3 Kh8 30. Rf3 Rg8 31. Rf5 b5 32. Qa5 Rc6 33. Qxb5 Rb6 34. Qc4 Rxb2 35. a4 Rb4 36. Qd5 Rd8 37. Qa2 c4 38. Rb1 Rdb8 39. Rxb4 Rxb4 0-1

[Event "ISL-chT2 1011"]
[Site "Reykjavik"]
[Date "2010.10.09"]
[Round "2.1"]
[White "Sigurjonsson, Siguringi"]
[Black "Arnalds, Stefan"]
[Result "1/2-1/2"]
[WhiteElo "1944"]
[BlackElo "2005"]
[PlyCount "35"]
[EventDate "2010.10.08"]
[EventType "team"]
[EventRounds "7"]
[EventCountry "ISL"]
[SourceTitle "EXT 2014"]
[Source "ChessBase"]
[SourceDate "2013.11.20"]
[SourceVersion "1"]
[SourceVersionDate "2013.11.20"]
[SourceQuality "1"]

1. d4 Nf6 2. Bf4 d5 3. e3 e6 4. Nf3 c5 5. c3 Nh5 6. Bg5 Be7 7. Bxe7 Qxe7 8. Ne5 Nf6 9. Nd2 0-0 10. Bd3 b6 11. 0-0 Ba6 12. Bxa6 Nxa6 13. Ng4 Nxg4 14. Qxg4 e5 15. dxe5 Qxe5 16. Nf3 Qe4 17. Qd7 c4 18. Ng5 1/2-1/2

[Event "Reykjavik op"]
[Site "Reykjavik"]
[Date "2009.03.30"]
[Round "7"]
[White "Sigurjonsson, Siguringi"]
[Black "Gudmundsson, Kjartan"]
[Result "1/2-1/2"]
[WhiteElo "1904"]
[BlackElo "2009"]
[PlyCount "45"]
[EventDate "2009.03.24"]
[EventType "swiss"]
[EventRounds "9"]
[EventCountry "ISL"]
[SourceTitle "CBM 129 Extra"]
[Source "ChessBase"]
[SourceDate "2009.05.05"]
[SourceVersion "2"]
[SourceVersionDate "2009.05.20"]
[SourceQuality "1"]

1. d4 Nf6 2. Bf4 d5 3. e3 c6 4. c3 g6 5. Nd2 Bg7 6. h3 0-0 7. Bd3 Nbd7 8. Ngf3 Nh5 9. Bh2 Re8 10. Ne5 e6 11. Ndf3 Bxe5 12. Nxe5 Nxe5 13. Bxe5 f6 14. Bh2 e5 15. dxe5 fxe5 16. Qc2 e4 17. Be2 Ng7 18. 0-0-0 b5 19. Rhe1 a5 20. g4 Ra7 21. Bg3 Rf7 22. h4 a4 23. Rh1 1/2-1/2

[Event "Reykjavik op"]
[Site "Reykjavik"]
[Date "2009.03.29"]
[Round "6"]
[White "Naslund, Mikael"]
[Black "Sigurjonsson, Siguringi"]
[Result "1-0"]
[WhiteElo "2195"]
[BlackElo "1904"]
[PlyCount "103"]
[EventDate "2009.03.24"]
[EventType "swiss"]
[EventRounds "9"]
[EventCountry "ISL"]
[SourceTitle "CBM 129 Extra"]
[Source "ChessBase"]
[SourceDate "2009.05.05"]
[SourceVersion "2"]
[SourceVersionDate "2009.05.20"]
[SourceQuality "1"]

1. Nf3 d6 2. d4 Bg4 3. c4 Nd7 4. Qb3 Rb8 5. Bf4 g6 6. Nbd2 Bg7 7. h3 Bxf3 8. Nxf3 c5 9. dxc5 Qa5+ 10. Bd2 Qxc5 11. e3 Ngf6 12. Bd3 0-0 13. 0-0 Ne5 14. Nxe5 Qxe5 15. Bc3 Qg5 16. Qa4 a6 17. Rab1 Nh5 18. Bd2 f5 19. Qa5 e5 20. Be2 Nf6 21. e4 Qh4 22. exf5 gxf5 23. f4 Ne4 24. Be1 Qe7 25. fxe5 Bxe5 26. Bd3 Nc5 27. Bxf5 Qg5 28. Qc7 Bg7 29. Bc3 Rbd8 30. h4 Qh6 31. Qxg7+ Qxg7 32. Bxg7 Kxg7 33. b4 Na4 34. Rbd1 Nc3 35. Rd2 Rf6 36. g4 Rdf8 37. Rdf2 h6 38. a3 b6 39. Bd3 a5 40. Rxf6 Rxf6 41. Rxf6 Kxf6 42. Kf2 axb4 43. axb4 Na2 44. b5 Nc3 45. Ke3 Na4 46. Kf4 Nc5 47. g5+ hxg5+ 48. hxg5+ Kf7 49. Bf5 Na4 50. Ke3 Ke7 51. Kd4 Nb2 52. Bc2 1-0

[Event "Reykjavik op"]
[Site "Reykjavik"]
[Date "2009.03.24"]
[Round "1"]
[White "Kjartansson, Gudmundur"]
[Black "Sigurjonsson, Siguringi"]
[Result "1-0"]
[WhiteElo "2365"]
[BlackElo "1904"]
[PlyCount "97"]
[EventDate "2009.03.24"]
[EventType "swiss"]
[EventRounds "9"]
[EventCountry "ISL"]
[SourceTitle "CBM 129 Extra"]
[Source "ChessBase"]
[SourceDate "2009.05.05"]
[SourceVersion "2"]
[SourceVersionDate "2009.05.20"]
[SourceQuality "1"]

1. c4 d6 2. Nc3 e5 3. g3 Nc6 4. Bg2 f5 5. d3 Nf6 6. Nf3 Be7 7. 0-0 0-0 8. Rb1 Nd4 9. Nxd4 exd4 10. Nd5 Nxd5 11. cxd5 Bd7 12. b4 Qe8 13. Qb3 Rc8 14. b5 Bf6 15. Re1 Kh8 16. Qb4 Qe5 17. f4 Qe7 18. Bb2 Qe3+ 19. Kf1 h5 20. Bf3 h4 21. Kg2 Rg8 22. Bc1 Qe8 23. gxh4 Bxh4 24. Rg1 Bf6 25. Kh1 g6 26. Rg3 Rg7 27. Bd2 Qe7 28. Rbg1 Rcg8 29. Bc1 Be8 30. a4 Rh7 31. R1g2 Rh6 32. Qc4 Rg7 33. Bb2 Qe3 34. Bc1 Qe7 35. Bb2 Qe3 36. Bh5 Qe7 37. Bf3 Qe3 38. Qc1 Qe7 39. Qg1 Rh4 40. Bxd4 Rxf4 41. Bxf6 Qxf6 42. Qxa7 Qa1+ 43. Rg1 Qxa4 44. Qb8 Qxb5 45. Rxg6 Rxg6 46. Rxg6 Kh7 47. Rg3 Qd7 48. Bh5 Rg4 49. Rxg4 1-0

[Event "Reykjavik-ch"]
[Site "Reykjavik"]
[Date "2009.01.30"]
[Round "9"]
[White "Bjarnason, Saevar"]
[Black "Sigurjonsson, Siguringi"]
[Result "1-0"]
[WhiteElo "2211"]
[BlackElo "1904"]
[PlyCount "49"]
[EventDate "2009.01.11"]
[EventType "swiss"]
[EventRounds "9"]
[EventCountry "ISL"]
[SourceTitle "EXT 2010"]
[Source "ChessBase"]
[SourceDate "2010.11.25"]
[SourceVersion "1"]
[SourceVersionDate "2010.11.25"]
[SourceQuality "1"]

1. e4 e6 2. d4 d5 3. Nd2 Nf6 4. e5 Nfd7 5. Bd3 c5 6. c3 Nc6 7. Ne2 cxd4 8. cxd4 f6 9. Nf4 Nxd4 10. Qh5+ Ke7 11. Ng6+ hxg6 12. exf6+ Nxf6 13. Qxh8 Kf7 14. f4 Bd7 15. 0-0 Nc2 16. Kh1 Nxa1 17. Nf3 Ne4 18. Ne5+ Ke7 19. Be3 b6 20. Bxe4 dxe4 21. Rxa1 Be8 22. Qh4+ Kd6 23. Rd1+ Kc7 24. Rxd8 Rxd8 25. h3 1-0

[Event "Reykjavik-ch"]
[Site "Reykjavik"]
[Date "2009.01.14"]
[Round "2"]
[White "Sigurjonsson, Siguringi"]
[Black "Valtysson, Thor"]
[Result "0-1"]
[WhiteElo "1904"]
[BlackElo "2099"]
[PlyCount "92"]
[EventDate "2009.01.11"]
[EventType "swiss"]
[EventRounds "9"]
[EventCountry "ISL"]
[SourceTitle "EXT 2010"]
[Source "ChessBase"]
[SourceDate "2010.11.25"]
[SourceVersion "1"]
[SourceVersionDate "2010.11.25"]
[SourceQuality "1"]

1. e4 c6 2. d4 d5 3. Nd2 dxe4 4. Nxe4 Bf5 5. Ng3 Bg6 6. Bc4 e6 7. N1e2 Nf6 8. 0-0 Bd6 9. f4 Qd7 10. f5 exf5 11. Bg5 Ne4 12. Nxe4 fxe4 13. Nc3 0-0 14. Qe2 Qc7 15. Nxe4 Bxh2+ 16. Kh1 Nd7 17. Qg4 Nb6 18. Bb3 Kh8 19. Qh4 Bxe4 20. Qxe4 Rae8 21. Qh4 Bg3 22. Qh5 Nd5 23. c4 Nf4 24. Qg4 Ne6 25. Bd2 f5 26. Rxf5 Rxf5 27. Qxf5 Nxd4 28. Qg4 c5 29. Ba4 Rf8 30. Rd1 Rf6 31. b4 b6 32. Be3 Be5 33. Qe4 Qd6 34. Bd2 Rh6+ 35. Bxh6 Qxh6+ 36. Kg1 Qh2+ 37. Kf1 g6 38. bxc5 bxc5 39. Rd3 Bg3 40. Qe8+ Kg7 41. Qe7+ Kh6 42. Qf8+ Kg5 43. Qxc5+ Nf5 44. Qd5 Qh1+ 45. Ke2 Qe1+ 46. Kf3 Qf2+ 0-1

[Event "Reykjavik-ch"]
[Site "Reykjavik"]
[Date "2008.01.20"]
[Round "7"]
[White "Johannsdottir, Johanna Bjorg"]
[Black "Sigurjonsson, Siguringi"]
[Result "1/2-1/2"]
[WhiteElo "1905"]
[BlackElo "1912"]
[PlyCount "89"]
[EventDate "2008.01.06"]
[EventType "swiss"]
[EventRounds "9"]
[EventCountry "ISL"]
[SourceTitle "EXT 2009"]
[Source "ChessBase"]
[SourceDate "2008.11.26"]
[SourceVersion "1"]
[SourceVersionDate "2008.11.26"]
[SourceQuality "1"]

1. e4 e6 2. d4 d5 3. exd5 exd5 4. Bd3 Bd6 5. Nf3 Nc6 6. c3 Nge7 7. 0-0 Bg4 8. Bg5 f6 9. Bh4 Qd7 10. Nbd2 0-0-0 11. b4 g5 12. Bg3 Nf5 13. Qc2 Nxg3 14. fxg3 Ne7 15. a4 h5 16. b5 h4 17. gxh4 gxh4 18. a5 Rdg8 19. b6 a6 20. bxc7 Qxc7 21. c4 h3 22. Rf2 hxg2 23. Rxg2 Bxf3 24. Nxf3 Rxg2+ 25. Kxg2 Bxh2 26. cxd5 Nxd5 27. Qxc7+ Bxc7 28. Be4 Nc3 29. Bf5+ Kb8 30. Bd3 Rh5 31. Re1 Rxa5 32. Re8+ Ka7 33. Rf8 Nd5 34. Be4 f5 35. Bb1 f4 36. Rf7 Ne3+ 37. Kf2 Kb6 38. Be4 Ra1 39. Ne5 Ra2+ 40. Kf3 Ra3 41. Kxf4 Nc4 42. Rf6+ Ka7 43. Rf7 Kb6 44. Rf6+ Ka7 45. Rf7 1/2-1/2